Responses for Show #3884 - Thursday, June 21, 2001

Lan Djang game 2.

Contestants

[<< previous game]

Richard Connell, a freelance foot model from New York City, New York

Michael Bertin, a freelance writer from Los Angeles, California

Lan Djang, a business analyst from Toronto, Ontario (whose 1-day cash winnings total $10,000)

[next game >>]

Jeopardy! Round responses

EXPLORATION
NEW SUPERHEROES
(Alex: People we've created.)
GOOD DOG!
TV SHOWS BY CATCHPHRASE
(Alex: We'll give you the catchphrase.)
HORSEMEN
RYDERS
    $100 1
Leif Ericson

Lan
    $100 26
Best Man

Lan
    $100 18
Saint Bernard

Lan
    $100 6
Who Wants to Be a Millionaire

Michael
    $100 11
Cavalry

Lan
    $100 16
Yellow

Richard
    $200 2
(Lan: What is Atlantis?)

the North Pole

Lan
Triple Stumper
    $200 27
Fireman

Triple Stumper
    $200 22
San Francisco Giants

Michael
    $200 7
Get Smart

Richard
    $200 12
Royal Canadian Mounted Police

Lan
    $200 17
Red Ryder

Triple Stumper
    $300 3
Falkland Islands

Lan
    $300 28
Doorman

Michael
    $300 23
Purple Heart

Lan
    $300 8
Good Times

Richard
    $1,800 13
(Lan: [No response])

the Texas Rangers

Lan
    $300 19
University of Miami (Florida)

Lan
    $400 4
El Dorado

Lan
    $400 29
[The end-of-round signal sounds.]
(Alex: Oh no, the audience is begging for more superheroes. We need more superheroes. Well, maybe tomorrow!)

Frogman

Lan
    $400 24
(Alex: With less than a minute to go.)

Lewis & Clark

Lan
    $400 9
Happy Days

Lan
    $400 14
Gauchos

Richard
    $400 20
Winona Ryder

Richard
    $500 5
La Salle

Richard
    $500 25
Vasco de Balboa

Michael
    $500 10
The Larry Sanders Show

Lan
    $500 15
Cossacks

Lan
    $500 21
"Brideshead Revisited"

Triple Stumper

Scores at the first commercial break (after clue 15):

Lan Michael Richard
$500 $100 $1,400

Scores at the end of the Jeopardy! Round:

Lan Michael Richard
$2,100 $1,100 $1,900

Double Jeopardy! Round responses

SHAKESPEAREANA
CAPITAL CITY HOTELS
PORTRAIT OF THE ARTIST
2 Bs
WE 3
4-LETTER FILMS
    $200 8
Othello

Richard
    $200 16
London

Richard
    $200 6
Vincent Van Gogh

Richard
    $200 24
(Alex: Minute to go.)

Flubber

Lan
    $200 30
Three Blind Mice

Lan
    $200 1
Babe

Michael
    $400 9
(Lan: Who was Isabella?)

Queen Elizabeth I

Lan
Triple Stumper
    $400 17
Athens

Lan
    $400 7
Paul Gauguin

Triple Stumper
    $400 25
cribbage

Lan
    $400 29
Trinity

Michael
    $400 2
Bird

Lan
    $600 10
"Richard III"

Richard
    $600 21
Madrid

Richard
    $600 12
Peter Paul Rubens

Lan
    $600 18
Bibb lettuce

Richard
    $600 28
Triple Crown

Michael
    $600 3
Mame

Michael
    $800 11
A crown

Lan
    $800 22
Vienna

Lan
    $800 13
Titian

Triple Stumper
    $2,000 19
(Richard: [No response])

quibble

Richard
    $800 27
The Triumvirate

Richard
    $800 4
Reds

Lan
    $1000 15
All time

Triple Stumper
    $1,000 23
Budapest

Lan
    $1000 14
Edvard Munch

Lan
    $1000 20
Entebbe

Richard
    $1000 26
Troika

Richard
    $1000 5
Taps

Lan

Scores at the end of the Double Jeopardy! Round:

Lan Michael Richard
$9,300 $2,900 $5,100

[wagering suggestions for these scores]

Final Jeopardy! Round responses

HISTORY & LITERATURE
(Alex: And we want you to be specific!)
MichaelWho are Louis XIV & ?
$2,201
RichardWho are Louis XVI & George III
$5,100
LanWho are George III & Louis XVI?
$1,500
George III & Louis XVI

Final scores:

Lan Michael Richard
$10,800 $699 $10,200
2-day champion: $20,800 3rd place: Fisher Soundstage Home Theater System 2nd place: Trip to Grand Case Beach Club, French West Indies

Game dynamics:

Coryat scores:

Lan Michael Richard
$11,100 $2,900 $7,100
26 R
(including 1 DD),
3 W
(including 1 DD)
8 R,
0 W
15 R,
1 W
(including 1 DD)

Combined Coryat: $21,100

[game clues] [game scores] [suggest correction]

Game tape date: 2001-02-28
The J! Archive is created by fans, for fans. Scraping, republication, monetization, and malicious use prohibited; this site may use cookies and collect identifying information. See terms. The Jeopardy! game show and all elements thereof, including but not limited to copyright and trademark thereto, are the property of Jeopardy Productions, Inc. and are protected under law. This website is not affiliated with, sponsored by, or operated by Jeopardy Productions, Inc. Join the discussion at JBoard.tv.